000 01281pam a2200373 a 4500
001 8522
003 FISKH
005 20250917121514.0
008 911021s1992 caua j 001 0 eng
010 _a 91040556
020 _a0871565730 :
_c$14.95
020 _a9780871565730
020 _a9781578050765
035 _a3434317
040 _aDLC
_cDLC
_dDLC
_beng
050 0 0 _aQL776
_b.F33 1992
082 0 0 _a591.59
_220
100 1 _aFacklam, Margery.
245 1 0 _aBees dance and whales sing :
_bthe mysteries of animal communication /
_cby Margery Facklam ; illustrations by Pamela Johnson.
260 _aSan Francisco :
_bSierra Club Books for Children,
_c1992.
300 _a48 pages :
_bcolor illustrations ;
_c23 cm
336 _atext
_btxt
_2rdacontent
337 _aunmediated
_bn
_2rdamedia
338 _avolume
_bnc
_2rdacarrier
500 _a"A Lucas/Evans book"--T.p. verso.
500 _aIncludes index.
520 _aExplores the mysteries of how and why animals send messages to one another and to humans.
650 0 _aAnimal communication
_xJuvenile literature.
650 1 _aAnimal communication.
700 1 _aJohnson, Pamela,
_d1949-
_eillustrator
906 _a7
_bcbc
_corignew
_d1
_eocip
_f19
_gy-gencatlg
942 _2ddc
_cBK
_n0
999 _c8522
_d8522